[Event "POL-chT U19 29th"]
[Site "Rowy"]
[Date "1998.08.26"]
[Round "7"]
[White "Porebski, Lukasz"]
[Black "Lercel, Michal"]
[Result "1/2-1/2"]
[WhiteElo "2085"]
[BlackElo "2085"]
[PlyCount "82"]
[EventDate "1998.08.20"]
[EventType "team-tourn"]
[EventRounds "11"]
[EventCountry "POL"]
[SourceTitle "EXT 2000"]
[Source "ChessBase"]
[SourceDate "1999.11.16"]
[SourceVersion "1"]
[SourceVersionDate "1999.11.16"]
[SourceQuality "1"]
[WhiteTeam "Wisla Strumien U19"]
[BlackTeam "Wroclaw Srodmiescie U19"]
[WhiteTeamCountry "POL"]
[BlackTeamCountry "POL"]

1. e4 e5 2. Nc3 Nf6 3. f4 d5 4. fxe5 Nxe4 5. d3 Nxc3 6. bxc3 d4 7. Nf3 Nc6 8. cxd4 Nxd4 9. c3 Nxf3+ 10. Qxf3 Bc5 11. d4 Bb6 12. Bc4 0-0 13. Ba3 c5 14. 0-0 Be6 15. d5 Qh4 16. Qf4 Qxf4 17. Rxf4 g5 18. Rf3 Bd7 19. Raf1 Kg7 20. d6 Be6 21. Bxe6 fxe6 22. Rxf8 Rxf8 23. Rxf8 Kxf8 24. c4 Ke8 25. Kf2 Ba5 26. Bxc5 Bc3 27. Bxa7 Bxe5 28. c5 h5 29. h3 Kd7 30. Ke3 Bg3 31. Kd4 Kc6 32. Bb8 Bh2 33. d7 Bg1+ 34. Ke5 Kxd7 35. Bd6 Be3 36. Kf6 b6 37. Bf8 bxc5 38. Ke5 Bf4+ 39. Ke4 Kc6 40. h4 e5 41. hxg5 Bxg5 1/2-1/2

[Event "POL-chT U19 29th"]
[Site "Rowy"]
[Date "1998.08.22"]
[Round "3"]
[White "Porebski, Lukasz"]
[Black "Bartel, Mateusz"]
[Result "0-1"]
[WhiteElo "2085"]
[BlackElo "2160"]
[PlyCount "63"]
[EventDate "1998.08.20"]
[EventType "team-tourn"]
[EventRounds "11"]
[EventCountry "POL"]
[SourceTitle "EXT 2000"]
[Source "ChessBase"]
[SourceDate "1999.11.16"]
[SourceVersion "1"]
[SourceVersionDate "1999.11.16"]
[SourceQuality "1"]
[WhiteTeam "Wisla Strumien U19"]
[BlackTeam "Warszawa Polonia PKO BP U19"]
[WhiteTeamCountry "POL"]
[BlackTeamCountry "POL"]

1. e4 e6 2. d4 d5 3. exd5 exd5 4. Bd3 c5 5. Nf3 Nc6 6. dxc5 Bxc5 7. 0-0 Nf6 8. Re1+ Be6 9. Nbd2 0-0 10. Nb3 Bb6 11. h3 h6 12. c3 Qd6 13. a4 Bxh3 14. gxh3 Qg3+ 15. Kh1 Qxh3+ 16. Nh2 Bxf2 17. Qf3 Qxf3+ 18. Nxf3 Bxe1 19. Nxe1 Rfe8 20. Nf3 Ne4 21. Kg2 Rad8 22. a5 Rd6 23. a6 Rg6+ 24. Kh2 bxa6 25. Rxa6 Ne5 26. Nxe5 Rxa6 27. Bxa6 Rxe5 28. Nd4 g5 29. Bc8 Nd6 30. Bd7 Re1 31. Bd2 Rb1 32. Kg3 0-1

[Event "POL-ch U18"]
[Site "Krynica"]
[Date "1998.??.??"]
[Round "?"]
[White "Antoniewski, Rafal"]
[Black "Porebski, Lukasz"]
[Result "1/2-1/2"]
[WhiteElo "2435"]
[BlackElo "2090"]
[PlyCount "83"]
[EventDate "1998.??.??"]
[EventType "swiss"]
[EventRounds "11"]
[EventCountry "POL"]
[SourceTitle "EXT 2002"]
[Source "ChessBase"]
[SourceDate "2001.11.25"]
[SourceVersion "1"]
[SourceVersionDate "2001.11.25"]
[SourceQuality "1"]

1. e4 e6 2. d4 d5 3. Nc3 Nf6 4. Bg5 Bb4 5. e5 h6 6. Be3 Ne4 7. Qg4 g6 8. a3 Bxc3+ 9. bxc3 Nxc3 10. Bd3 Qe7 11. h4 Bd7 12. Bd2 Na4 13. h5 g5 14. f4 gxf4 15. Qxf4 Nc6 16. Ne2 Nb2 17. Bb5 Nc4 18. Bxc4 dxc4 19. 0-0 0-0-0 20. Be1 Rdf8 21. Bh4 Qe8 22. Bf6 Rhg8 23. Qxh6 Ne7 24. Bxe7 Qxe7 25. Rf6 Bc6 26. Nf4 Qd8 27. c3 Be4 28. Ra2 Bf5 29. Kh2 Rg4 30. Nh3 Rh8 31. Qe3 Rxh5 32. Rf2 Qg8 33. d5 Be4 34. Qe2 Qg5 35. Rxf7 Rxh3+ 36. Kg1 Bxd5 37. Rf8+ Kd7 38. Qb2 Rh7 39. Qb5+ Bc6 40. Qb2 Rg7 41. Rd2+ Qxd2 42. Qxd2+ 1/2-1/2

[Event "POL-ch U18"]
[Site "Krynica"]
[Date "1998.??.??"]
[Round "?"]
[White "Kempinski, Tomasz"]
[Black "Porebski, Lukasz"]
[Result "1/2-1/2"]
[WhiteElo "2145"]
[BlackElo "2090"]
[PlyCount "49"]
[EventDate "1998.??.??"]
[EventType "swiss"]
[EventRounds "11"]
[EventCountry "POL"]
[SourceTitle "EXT 2002"]
[Source "ChessBase"]
[SourceDate "2001.11.25"]
[SourceVersion "1"]
[SourceVersionDate "2001.11.25"]
[SourceQuality "1"]

1. e4 b6 2. d4 Bb7 3. Bd3 Nf6 4. Qe2 e6 5. Nf3 c5 6. c3 Be7 7. 0-0 0-0 8. h3 Nc6 9. e5 Nd5 10. a3 cxd4 11. cxd4 d6 12. Nc3 dxe5 13. dxe5 Nxc3 14. bxc3 Rc8 15. Rd1 Qc7 16. a4 Na5 17. Ng5 h6 18. Nh7 Rfd8 19. Nf6+ Kf8 20. Bxh6 gxh6 21. Qg4 Bc5 22. Nh7+ Ke8 23. Qg7 Nc6 24. Qh8+ Ke7 25. Qf6+ 1/2-1/2

[Event "POL-chT 2nd League South"]
[Site "Wisla"]
[Date "1998.??.??"]
[Round "?"]
[White "Pazdzior, Jaroslaw"]
[Black "Porebski, Lukasz"]
[Result "0-1"]
[WhiteElo "2155"]
[BlackElo "2085"]
[PlyCount "102"]
[EventDate "1998.11.20"]
[EventType "team-swiss"]
[EventRounds "10"]
[EventCountry "POL"]
[SourceTitle "EXT 2000"]
[Source "ChessBase"]
[SourceDate "1999.11.16"]
[SourceVersion "1"]
[SourceVersionDate "1999.11.16"]
[SourceQuality "1"]

1. e4 e6 2. d4 d5 3. Nd2 c5 4. Ngf3 cxd4 5. Nxd4 Nf6 6. Bd3 Nc6 7. Nxc6 bxc6 8. 0-0 Qb6 9. c4 Ba6 10. exd5 exd5 11. Re1+ Be7 12. Rxe7+ Kxe7 13. c5 Qa5 14. Nb3 Qa4 15. Qe2+ Kd7 16. Bxa6 Rab8 17. Bd3 Rxb3 18. Bc2 Re8 19. Qf1 Qa5 20. Bf5+ Kd8 21. Bd2 Qxd2 22. axb3 Re2 23. f3 g6 24. Bh3 d4 25. Qc1 d3 26. Qc3 Nd5 27. Qxd2 Rxd2 28. g3 Rxb2 29. Bf1 d2 30. Be2 Rc2 31. Rxa7 Rc1+ 32. Kf2 Nc7 33. Ra4 d1Q 34. Bxd1 Rxd1 35. Ke3 Rd5 36. Rh4 h5 37. b4 Kd7 38. g4 Ke6 39. h3 Nb5 40. f4 hxg4 41. hxg4 Rd4 42. f5+ Kf6 43. g5+ Ke5 44. fxg6 fxg6 45. Rh8 Rxb4 46. Rf8 Re4+ 47. Kd3 Rf4 48. Rc8 Nd4 49. Rd8 Ne6 50. Rg8 Kf5 51. Rc8 Nd4 0-1

[Event "POL-chT 2nd League South"]
[Site "Wisla"]
[Date "1998.??.??"]
[Round "?"]
[White "Porebski, Lukasz"]
[Black "Markiewicz, Jerzy"]
[Result "1/2-1/2"]
[WhiteElo "2085"]
[BlackElo "2230"]
[PlyCount "54"]
[EventDate "1998.11.20"]
[EventType "team-swiss"]
[EventRounds "10"]
[EventCountry "POL"]
[SourceTitle "EXT 2000"]
[Source "ChessBase"]
[SourceDate "1999.11.16"]
[SourceVersion "1"]
[SourceVersionDate "1999.11.16"]
[SourceQuality "1"]

1. e4 c5 2. Nf3 d6 3. d4 cxd4 4. Nxd4 Nf6 5. Nc3 Nc6 6. Bc4 e6 7. Bb3 a6 8. Be3 Be7 9. Qe2 Qc7 10. 0-0-0 Na5 11. g4 b5 12. g5 Nxb3+ 13. axb3 Nd7 14. Nf5 exf5 15. Nd5 Qd8 16. exf5 Bb7 17. f6 Bxd5 18. fxe7 Qa5 19. Rhe1 Qa1+ 20. Kd2 Qxb2 21. Qd3 Rc8 22. Bd4 Rxc2+ 23. Qxc2 Qxd4+ 24. Kc1 Qa1+ 25. Kd2 Qd4+ 26. Kc1 Qa1+ 27. Kd2 Qd4+ 1/2-1/2

[Event "POL-chT2 U18"]
[Site "Augustow"]
[Date "1996.??.??"]
[Round "?"]
[White "Kawala, Maciej"]
[Black "Porebski, Lukasz"]
[Result "0-1"]
[WhiteElo "1800"]
[BlackElo "1800"]
[PlyCount "116"]
[EventDate "1996.??.??"]
[EventType "team"]
[EventRounds "10"]
[EventCountry "POL"]
[SourceTitle "EXT 2003"]
[Source "ChessBase"]
[SourceDate "2002.11.25"]
[SourceVersion "1"]
[SourceVersionDate "2002.11.25"]
[SourceQuality "1"]

1. d4 f5 2. g3 Nf6 3. c4 g6 4. Bg2 Bg7 5. Nc3 0-0 6. Nh3 d6 7. Nf4 Qe8 8. 0-0 c6 9. d5 Na6 10. a3 e5 11. dxe6 Bxe6 12. b3 Ne4 13. Nxe4 Bxa1 14. Nxd6 Qe7 15. Nxb7 Rac8 16. Qd6 Qxb7 17. Nxe6 Rfe8 18. Bh6 Bh8 19. Rd1 Nb8 20. Ng5 Be5 21. Qd3 Rc7 22. Qd8 Qc8 23. Qxc8 Rcxc8 24. e4 Rcd8 25. Rxd8 Rxd8 26. exf5 Rd1+ 27. Bf1 gxf5 28. Kg2 Bg7 29. Bxg7 Kxg7 30. Ne6+ Kf6 31. Nc5 Nd7 32. Be2 Rd2 33. Nxd7+ Rxd7 34. Bf3 c5 35. b4 Rd3 36. bxc5 Rxa3 37. c6 Ke7 38. Bd5 Kd6 39. c5+ Kc7 40. Be6 Kxc6 41. Bxf5 h6 42. f4 Ra2+ 43. Kh3 Rf2 44. Be6 a5 45. f5 a4 46. g4 a3 47. Kg3 a2 48. Bxa2 Rxa2 49. f6 Kxc5 50. f7 Ra8 51. Kh4 Kd6 52. Kh5 Ke7 53. Kg6 Ra6+ 54. Kg7 Rf6 55. h4 Rxf7+ 56. Kxh6 Rf4 57. h5 Rxg4 58. Kh7 Kf7 0-1

[Event "POL-chT2 U18"]
[Site "Augustow"]
[Date "1996.??.??"]
[Round "?"]
[White "Musielak, Manfred"]
[Black "Porebski, Lukasz"]
[Result "0-1"]
[WhiteElo "1990"]
[BlackElo "1800"]
[PlyCount "30"]
[EventDate "1996.??.??"]
[EventType "team"]
[EventRounds "10"]
[EventCountry "POL"]
[SourceTitle "EXT 2003"]
[Source "ChessBase"]
[SourceDate "2002.11.25"]
[SourceVersion "1"]
[SourceVersionDate "2002.11.25"]
[SourceQuality "1"]

1. d4 f5 2. Nf3 Nf6 3. g3 g6 4. Bg2 Bg7 5. 0-0 0-0 6. c4 d6 7. Nc3 Qe8 8. Nd2 e5 9. dxe5 dxe5 10. e4 f4 11. Nb3 g5 12. gxf4 gxf4 13. Kh1 Qf7 14. Nd5 Nxd5 15. cxd5 f3 0-1